|
|
|
|
| LEADER |
00000nab a2200000 a 4500 |
| 001 |
vtls010669096 |
| 003 |
SK-MaSNL |
| 005 |
20260318114436.0 |
| 008 |
150423c20150423xo d| | 000 0|2hun |
| 015 |
|
|
|a SNBRB2015/04
|
| 038 |
|
|
|a DSZK
|
| 040 |
|
|
|a DSZK
|b slo
|c DSZK
|e AACR2
|
| 041 |
0 |
|
|a hun
|
| 044 |
|
|
|a xo
|c SK
|
| 080 |
|
|
|a 329.4
|x (437.6)
|x (=511.141)
|b Most-Híd
|2 2001
|
| 080 |
|
|
|a 352.08
|x (437.612)
|2 2001
|
| 245 |
0 |
3 |
|a Az R7-es építése és a sikeres falufejlesztés volt a polgármesterek találkozójának témája
|c [szerző] (szcs)
|
| 610 |
2 |
7 |
|a Most-Híd (politická strana).
|b Okresná pobočka (Dunajská Streda, Slovensko)
|2 dszk
|9 1212507
|
| 650 |
0 |
7 |
|a starostovia
|2 dszk
|9 29670
|
| 650 |
0 |
7 |
|a pracovné stretnutia
|2 dszk
|9 513273
|
| 651 |
|
7 |
|a Malé Dvorníky (Slovensko)
|2 SNKPHgeo
|9 154263
|
| 651 |
|
7 |
|a Dunajská Streda (Slovensko : okres)
|2 dszk
|9 145813
|
| 773 |
0 |
|
|t Új szó
|g Évf. 68, sz. 93 (2015.4.23), o. 5
|x 1335-7050
|
| 852 |
|
|
|a DSZK
|b KIS3GCP
|
| 958 |
|
|
|a HU
|
| 958 |
|
|
|a SK
|
| 999 |
|
|
|c 3306927
|d 3308857
|